000 00339nam a2200145Ia 4500
008 221117s9999 xx 000 0 und d
082 _bGUP
100 _aGUPTA, AND GUPTA
245 0 _aMEASURE AND INTEGRATION
250 _a25TH
260 _bKRISHNA PRAKASHAN, MEERUT
_c2013
300 _a560
650 _aMathematics
942 _cBK
999 _c214324
_d214324